000
00334pab a2200145 454500
008
180718b1986 xxu||||| |||| 00| 0 eng d
100
_a
Latham, R.W.
245
_a
Balanced budget tax incidence
260
_c
1986
300
_a
244-59
650
_a
Income Tox
700
_a
B. Naisbitt
773
_a
Public Finance
909
_a
10312
999
_c
10312
_d
10312